Pressetexte verstehen

Titel: Pressetexte verstehen / A. Scharf ; B. Bujanow
Verfasser:
Beteiligt:
Ausgabe: 1. Aufl
Veröffentlicht: Berlin : Volk und Wissen, 1997
Umfang: 192 S + Ill
Format: Buch
Sprache: Deutsch
Schriftenreihe/
mehrbändiges Werk:
Wirtschaftsrussisch
RVK-Notation:
Schlagworte:
ISBN: 3065022257
Buchumschlag
X
Lokale Klassifikation: 41 10 B ; 41 10 C ; 41 15 J ; 41 13 A ; 63 10 C
alg: 21214194
001A    $03004:11-05-09 
001B    $06055:09-02-26 $t17:13:46.000 
001C    $03004:11-05-09 $t09:57:34.000 
001D    $03004:26-05-09 
001U    $0utf8 
001X    $00 
002@    $0Aau 
003@    $0212141945 
003O    $0611642561 $aOCoLC 
004A    $03-06-502225-7 
006L    $0083353933 $2GBV 
007A    $0212141945 $aHEB 
007G    $0DE02019A7B92BC18CA322C1257918003C39D9 
009P    $qapplication/pdf $A2 $3Inhaltsverzeichnis $uhttp://scans.hebis.de/HEBCGI/show.pl?21214194_toc.pdf $mV:DE-603;B:DE-Mb50 
010@    $ager 
011@    $a1997 
013D    $REinführung $RAufgabensammlung $RUnterrichtstechnologie $#Teaching Aids and devices $#Matériel didactique $#Sussidi didattici $#Material didáctico $#Lehrmaterial $#Lehrmittel $#Studienmaterial $#Unterrichtsmaterial $#Unterrichtsmedien $#Lehrmittel $#Arbeitsmittel Unterricht $#Bildungsmittel $#Lehrmaterial $#Lehrressource $#Lernmaterial $#Lernmittel $#Lehrmittel $#Lernressource $#Unterricht Medien $#Unterricht Medium $#Unterrichtsbeispiele $#Unterrichtsmaterial $#Unterrichtsmedien $#Unterrichtsmedium $#Unterrichtsmittel $D20251120 $Ecgmnf $74074111-4 $8Lehr- und Lernressource [Tsz] $9085208612 
013D    $RFachbuch $RSchulbuch $#College textbooks $#Lehrbuch $#Lehrbuch $#Kompendium Lehrbuch $D20251120 $Ecgmnf $74123623-3 $8Lehrbuch [Tsz] $908540926X 
013D    $#Beiträge Formschlagwort $#Einzelbeiträge $#Sammelwerk Formschlagwort $D20251120 $Ecgmnf $74143413-4 $8Aufsatzsammlung [Tsz] $9085562742 
021A    $aPressetexte verstehen $hA. Scharf ; B. Bujanow 
028A    $#Scharf, A. $#Scharf, Arnold Kurt Gottfried $D20220215 $Ecgwrk $7143853759 $8Scharf, Arnold$Z1928- [Tp1] $9233354018 
028B/01 $#Bujanow, Boris $7 $8Bujanov, Boris [Tnu] $9212564153 
032@    $a1. Aufl 
033A    $pBerlin $nVolk und Wissen 
034D    $a192 S 
034K    $aIll 
036G    $aWirtschaftsrussisch 
044K    $ROstslawische Sprachen $#Russian language $#Russe (langue) $#Großrussisch $#Russische Sprache $D20251120 $Ecgmnf $74051038-4 $8Russisch [Tsz] $9085142212 
044K    $RText $#Pressetext $#Journalistischer Text $#Zeitung Text $#Zeitungstexte $D20251120 $Ecgmnf $74293595-7 $8Zeitungstext [Ts1] $9086595938 
044K    $RFachsprache $RSondersprache $#Business writing $#Langage commercial et des affaires $#Wirtschaftsterminologie $#Geschäftssprache $#Wirtschaft Sondersprache $#Wirtschaft Fachsprache $#Handelssprache $#Handel Sondersprache $#Handel Fachsprache $#Kaufmannssprache $#Businesssprache $D20251120 $Ecgmnf $74117662-5 $8Wirtschaftssprache [Ts1] $9085363812 
045F    $a400 $eDDC23BSB 
045F/01 $a400 
045F/03 $g471 
045F/03 $g43 
045G    $a070.9 $eDDC23BSB 
045G/01 $a070.9 
045G/03 $g471 
045H    $a330.09471 $eDDC23BSB 
045H/01 $a330.09 
045H/03 $g471 
045Z    $D20251120 $Ecgmnf $8KG 1255 [Tkv] $9409174726 
045Z    $D20251120 $Ecgmnf $8KG 1317 [Tkv] $9409174866 

lok: 21214194 24
101B    $026-05-09 $t14:46:01.000 
101C    $026-05-09 
101U    $0utf8 
145Z/01 $a41 10 B 
145Z/02 $a41 10 C 
145Z/03 $a41 15 J 
145Z/04 $a41 13 A 
145Z/05 $a63 10 C 

exp: 21214194 24 1 #EPN
201B/01 $026-05-09 $t14:46:01.000 
201C/01 $011-05-09 
201U/01 $0utf8 
203@/01 $0574564926 
208@/01 $a26-05-09 $bz 
209A/01 $a09.2729 $du $f050 $h09 2729 $x00 
209C/01 $a09.2729 G $h09 2729 G 
209G/01 $a72182120 $x00 
220C/01 $ahae 
247C/01 $8358050-7 Marburg, Bibliothek des Herder-Instituts Marburg $9102600961
LEADER 00000cam a2200000 c 4500
001 212141945
003 DE-603
005 20260209171346.0
007 tu
008 090511s1997 xx |||| | u00||u|ger c
020 |a 3065022257 
035 |a (DE-599)HEB212141945 
035 |a (DE-601)083353933 
035 |a (OCoLC)611642561 
040 |a DE-603  |b ger  |c DE-603  |d DE-603 
041 |a ger 
082 0 4 |8 1\u  |a 400  |q DE-101  |2 23/BSB 
083 0 |8 2\u  |a 070.9  |q DE-101  |2 23/BSB 
083 0 |8 3\u  |a 330.09471  |q DE-101  |2 23/BSB 
084 |a KG 1255  |0 (DE-625)75697:  |0 (DE-603)409174726  |2 rvk 
084 |a KG 1317  |0 (DE-625)75711:  |0 (DE-603)409174866  |2 rvk 
085 |8 1\u  |b 400 
085 |8 1\u  |z 2  |s 471 
085 |8 1\u  |z 2  |s 43 
085 |8 2\u  |b 070.9 
085 |8 2\u  |z 2  |s 471 
085 |8 3\u  |b 330.09 
085 |8 3\u  |z 2  |s 471 
100 1 |a Scharf, Arnold  |d 1928-  |0 (DE-603)233354018  |0 (DE-588)143853759  |2 gnd 
245 0 0 |a Pressetexte verstehen  |c A. Scharf ; B. Bujanow 
250 |a 1. Aufl 
264 1 |a Berlin  |b Volk und Wissen  |c 1997 
300 |a 192 S  |e Ill 
490 0 |a Wirtschaftsrussisch 
650 7 |a Russisch  |0 (DE-588)4051038-4  |0 (DE-603)085142212  |2 gnd 
650 7 |a Zeitungstext  |0 (DE-588)4293595-7  |0 (DE-603)086595938  |2 gnd 
650 7 |a Wirtschaftssprache  |0 (DE-588)4117662-5  |0 (DE-603)085363812  |2 gnd 
655 7 |a Lehr- und Lernressource  |2 gnd-content  |0 (DE-588)4074111-4  |0 (DE-603)085208612 
655 7 |a Lehrbuch  |2 gnd-content  |0 (DE-588)4123623-3  |0 (DE-603)08540926X 
655 7 |a Aufsatzsammlung  |2 gnd-content  |0 (DE-588)4143413-4  |0 (DE-603)085562742 
700 1 |a Bujanov, Boris  |0 (DE-603)212564153 
856 4 2 |m V:DE-603;B:DE-Mb50  |q application/pdf  |u http://scans.hebis.de/HEBCGI/show.pl?21214194_toc.pdf  |3 Inhaltsverzeichnis 
924 0 |9 Mb 50  |a (DE-603)574564926  |b DE-Mb50  |c HES  |d c  |g 09.2729